| 000 | 00686cam a22002413a 4500 | ||
|---|---|---|---|
| 001 | 2131 | ||
| 003 | PGUSA | ||
| 005 | 20140828083011.0 | ||
| 008 | 060226s2006||||xxu|||||s|||||000 | eng d | ||
| 040 |
_aPGUSA _beng |
||
| 042 | _adc | ||
| 050 | 4 | _aD | |
| 100 | 1 |
_aHerodotus, _d-484--430 |
|
| 245 | 1 | 3 |
_aAn Account of Egypt _h[electronic resource] / _cHerodotus |
| 260 |
_bProject Gutenberg, _c2006 |
||
| 506 | _aPublic domain in the USA. | ||
| 516 | _aElectronic text | ||
| 653 | _aEgypt -- History -- To 332 B.C. | ||
| 700 | 1 |
_aMacaulay, G. C. _q(George Campbell), _d1852-1915 |
|
| 830 | 0 |
_aProject Gutenberg _v2131 |
|
| 856 | 4 | 0 | _uhttp://www.gutenberg.org/ebooks/2131 |
| 942 | _cEB | ||
| 999 |
_c231469 _d231469 |
||